| 000 | 00512nam a22001817a 4500 | ||
|---|---|---|---|
| 003 | OSt | ||
| 005 | 20250514112955.0 | ||
| 008 | 250514b |||||||| |||| 00| 0 eng d | ||
| 020 | _a978-93-5282-065-8 | ||
| 040 | _cSBCL | ||
| 082 |
_a894.8123 _bMUK-N |
||
| 100 | _aMukundan,M | ||
| 245 | _aNruthyam Cheyyunna Kutakal | ||
| 260 |
_aKottayam _bDC Books _c2022 |
||
| 300 | _a399.00 | ||
| 650 |
_2Literature & rhetoric _aLiteratures of other languages _vAltaic, Uralic, Hyperborean & Dravidian |
||
| 942 | _cBOOK | ||
| 999 |
_c136892 _d136892 |
||